<?xml version="1.0" encoding="UTF-8"?><?xml-stylesheet type="text/xsl" href="static/style.xsl"?><OAI-PMH xmlns="http://www.openarchives.org/OAI/2.0/" xmlns:xsi="http://www.w3.org/2001/XMLSchema-instance" xsi:schemaLocation="http://www.openarchives.org/OAI/2.0/ http://www.openarchives.org/OAI/2.0/OAI-PMH.xsd"><responseDate>2026-04-28T19:38:25Z</responseDate><request verb="GetRecord" identifier="oai:uvadoc.uva.es:10324/43607" metadataPrefix="marc">https://uvadoc.uva.es/oai/request</request><GetRecord><record><header><identifier>oai:uvadoc.uva.es:10324/43607</identifier><datestamp>2022-11-18T09:26:31Z</datestamp><setSpec>com_10324_150</setSpec><setSpec>col_10324_696</setSpec></header><metadata><record xmlns="http://www.loc.gov/MARC21/slim" xmlns:doc="http://www.lyncode.com/xoai" xmlns:xsi="http://www.w3.org/2001/XMLSchema-instance" xmlns:dcterms="http://purl.org/dc/terms/" xsi:schemaLocation="http://www.loc.gov/MARC21/slim http://www.loc.gov/standards/marcxml/schema/MARC21slim.xsd">
<leader>00925njm 22002777a 4500</leader>
<datafield tag="042" ind1=" " ind2=" ">
<subfield code="a">dc</subfield>
</datafield>
<datafield tag="720" ind1=" " ind2=" ">
<subfield code="a">[s.n.]</subfield>
<subfield code="e">author</subfield>
</datafield>
<datafield tag="720" ind1=" " ind2=" ">
<subfield code="a">Brocar, Juan de, imp.</subfield>
<subfield code="e">author</subfield>
</datafield>
<datafield tag="720" ind1=" " ind2=" ">
<subfield code="a">Vingle, Jean de (1498?-15..), grab.</subfield>
<subfield code="e">author</subfield>
</datafield>
<datafield tag="720" ind1=" " ind2=" ">
<subfield code="a">España. Rey (1516-1556: Carlos I)</subfield>
<subfield code="e">author</subfield>
</datafield>
<datafield tag="260" ind1=" " ind2=" ">
<subfield code="c">1543</subfield>
</datafield>
<datafield tag="024" ind2=" " ind1="8">
<subfield code="a">http://uvadoc.uva.es/handle/10324/43607</subfield>
</datafield>
<datafield tag="024" ind2=" " ind1="8">
<subfield code="a">U/Bc 12437(04)</subfield>
</datafield>
<datafield ind1=" " ind2=" " tag="653">
<subfield code="a">Notarios - Derecho - España - Legislación - Siglo XVI</subfield>
</datafield>
<datafield tag="245" ind1="0" ind2="0">
<subfield code="a">Aranzel de los derechos q[ue] hã de llevar los escriuanos de camara de los consejos [et] juzgados que residen en la corte de su Magestad, y en las audiencias [et] chancillerías de Valladolid y Granada</subfield>
</datafield>
</record></metadata></record></GetRecord></OAI-PMH>